LEADER 01687nam 2200397 450 001 000013680 005 20050718115500.0 010 $a88-206-3416-3$b(Vol. 1.) 100 $a20030526d1992----km-y0itay0103----ba 101 0 $aita 102 $aIT 200 1 $aMeccanica agraria$fGiuseppe Pellizzi 205 $a7. ed. 210 $aBologna$cEdagricole$d1992 215 $av.$cill.$d27 cm. 327 1 $aVolume 1.:Richiami di fisica applicata, i materiali, i motori e i trattori. - VIII, 223 p. 559 1 $aRichiami di fisica applicata, i materiali, i motori e i trattori 606 $aFisica applicata 606 $aMacchine agricole 676 $a681.763$v(21. ed.)$9Strumenti, macchine, attrezzature agricole 700 1$aPellizzi,$bGiuseppe$0440393 801 0$aIT$bUniversitā della Basilicata - B.I.A.$gRICA$2unimarc 912 $a000013680 996 $aMeccanica Agraria$977899 997 $aUNIBAS BAS $aMONSCI BAS $aSCIENZE CAT $aSTD024$b01$c20030526$lBAS01$h0907 CAT $c20050601$lBAS01$h1755 CAT $abatch$b01$c20050718$lBAS01$h1052 CAT $c20050718$lBAS01$h1111 CAT $c20050718$lBAS01$h1141 CAT $c20050718$lBAS01$h1155 FMT Z30 -1$lBAS01$LBAS01$mBOOK$1BASA2$APolo Tecnico-Scientifico$2DID$BDidattica$3PTS.s3.p34.27$676389$5A76389$820030526$b1$eVIII, 223$f98$FConsultazione$hVol. 1.: Richiami di fisica applicata, i materiali, i motori e i trattori Z30 -1$lBAS01$LBAS01$mBOOK$1BASA2$APolo Tecnico-Scientifico$2DID$BDidattica$3PTS.s3.p34.27C$674351$5A74351$820030526$b1$eVIII, 223$f04$FPrestabile Didattica$hVol. 1.: Richiami di fisica applicata, i materiali, i motori e i trattori LEADER 01442nam0 22003371i 450 001 RML0301833 005 20231121125744.0 010 $a8838738254 100 $a20121121d2007 ||||0itac50 ba 101 | $aita 102 $ait 181 1$6z01$ai $bxxxe 182 1$6z01$an 200 1 $a˜La œcertificazione energetica degli edifici e degli impianti$eguida tecnica all'applicazione del d. lgs. 192/2005 in materia di rendimento energetico nell'edilizia$fWalter Grassi, Gianpaolo Scatizzi, Francesca Venturelli 205 $a2. ed. aggiornata al d. lgs. 311/2006 e al d.m. 19 febbraio 2007 210 $aSantarcangelo di Romagna $cMaggioli $d2007 215 $a357 p.$d30 cm 606 $aCertificazione energetica$2FIR$3RMLC385938$9I 606 $aImpianti edilizi$2FIR$3RMLC385939$9I 676 $a696$9$v21 700 1$aGrassi$b, Walter$3RMLV194790$0597381 701 1$aVenturelli$b, Francesca$3RMLV194788$0358635 701 1$aScatizzi$b, Gianpaolo$3RMLV194789$0339498 801 3$aIT$bIT-01$c20121121 850 $aIT-FR0099 899 $aBiblioteca Area Ingegneristica$bFR0099 912 $aRML0301833 950 0$aBiblioteca Area Ingegneristica$d 54DMS 696 GRA$e 54VM 0000719235 VM barcode:BAIN004023. - Inventario:2294MVM$fA $h20071204$i20121204 977 $a 54 996 $aCertificazione energetica degli edifici e degli impianti$91030647 997 $aUNICAS